000
00301nam a2200121Ia 4500
008
190216s9999||||xx |||||||||||||| ||und||
100
_a
Lillian Goleniewski
245
0
_a
Telecommunications Essentials
260
_b
Pearson Education International
300
_a
865
650
_a
Physics
942
_c
BK
999
_c
34188
_d
34188